Kariera klubowa Jana Bednarka - Statystyki

Ogólne statystyki
  • Ten quiz został rozwiązany 488 razy
    282 od ostatniego zresetowania
  • Średni wynik to 3 z 5
Statystyki odpowiedzi
Lata gry Klub % Poprawnych
2025 - obecnie FC Porto
98%
2017 - 2025 Southampton
84%
2013 - 2017 Lech Poznań
83%
2022 - 2023 Aston Villa
55%
2015 - 2016 Górnik Łęczna
28%
Nie znaleziono quizów pasujących do podanych kryteriów
Rozkład punktacji
Procent ludzi z każdym wynikiem
Percentyl według liczby udzielonych odpowiedzi
Twoja historia wyników
Nie rozwiązałeś tego quizu od ostatniego zresetowania